La consommation dans les archives de Zénon /

محفوظ في:

المؤلف الرئيسي: Reekmans, T. (مؤلف)

التنسيق: كتاب

اللغة: French
Greek

منشور في: Bruxelles : Fondation égyptologique reine Elisabeth, 1996.

سلاسل: Papyrologica Bruxellensia ; 27.
PapBrux ; 27.

الموضوعات:

الوسوم: إضافة وسم

لا توجد وسوم, كن أول من يضع وسما على هذه التسجيلة!

رقم الطلب: PA3339 .P2 v.27

LEADER 00997nam a22003017a 4500
003 OSt
005 20251006095826.0
008 251006t1996 be b 001 0 fre d
010 |a 96220573 
040 |c ARCE Library 
041 0 |a fre  |a gre 
043 |a aw----- 
050 1 4 |a PA3339  |b .P2 v.27 
100 1 |a Reekmans, T.,  |e author  |9 38280 
245 1 3 |a La consommation dans les archives de Zénon /  |c Tony Reekmans. 
264 1 |a Bruxelles :   |b Fondation égyptologique reine Elisabeth,   |c 1996. 
300 |a 174 pages ;   |c 25 cm. 
490 1 |a Papyrologica Bruxellensia ;   |v 27. 
490 1 |a PapBrux ;   |v 27. 
504 |a Includes bibliographical references and index. 
546 |a French and Greek. 
600 0 0 |a Zēnōn,  |c ho Agreophōntos,  |d -approximately 238 B.C  |x Archives.  |9 42668 
650 0 |a Consumption (Economics)  |z Middle East  |x History  |v Sources. 
830 0 |a Papyrologica Bruxellensia ;   |v 27. 
830 0 |a PapBrux ;   |v 27. 
901 |a reviewed 
942 |c BK  |2 lcc 
999 |c 22390  |d 22390